000 00727nam a2200265Ia 4500
005 20260121171414.0
008 008 260114s9999 xx 000 0 eng d
020 _a9789811392672
037 _aEBOOK
040 _aCRL
040 _beng
040 _cCRL
041 _2eng
041 _aeng
084 _qCRL
100 _aAndrey Ronzhin, Vladislav Shishlakov
_91075828
245 0 _aProceedings of 14th International Conference on Electromechanics and Robotics “Zavalishin's Readings”
260 _bSpringer
260 _bSpringer
260 _c2020
856 _uhttps://link.springer.com/openurl?genre=book&isbn=978-981-13-9267-2
942 _cEBOOK
999 _c1641558
_d1641558